LEADER 01000nam a2200241 i 4500 001 000000183997 003 CaOOAMICUS 005 20151116000000.0 008 151116s2000 it u000 u ita u 013 $a161971 020 $a88-7783-130-8 040 $aSeMil$bita 100 1 $aBaima Bollone, Pierluigi,$d<1937- >.$0(OLS)http://semarc/name/31708 245 10$aSindone e scienza :$ball'inizio del terzo millennio /$cPierluigi Baima Bollone. 260 $aTorino :$bLa Stampa,$c2000. 300 $a284 p., [16] p. di tav. :$bill. ;$c23 cm. 650 4$aSanta Sindone.$0(OLS)http://semarc/subject/6943 850 $aSeMil 852 $aSeMil$W1$xVenegono$y1$m3X IV 43$j134693$B134693$CSeMilBibl$Z2$F146358 $81 961 $aOmaggio: Martinelli don Romano 996 $6020$a88-7783-130-8$9(OLS)http://semarc/number/173863 996 $6245$aSindone e scienza :$ball'inizio del terzo millennio$9(OLS)http://semarc/title/264051 996 $6260$aTorino :$bLa Stampa$9(OLS)http://semarc/publisher/42551 LEADER 01462nam a2200301 i 4500 001 000000101184 003 CaOOAMICUS 005 20250403114046.0 008 150902s2003 be u000 u lat u 013 $a73336 020 $a2-503-63742-6 040 $aSeMil$bita 100 0 $aLucas : Tudensis,$d.$0(OLS)http://semarc/name/4514 245 10$aChronicon mundi /$cLucas Tudensis ; curante CTLO, Centre traditio litterarum occidentalium. 260 $aTurnhout :$bBrepols,$c2003. 300 $aVII, 107 p. ;$c25 cm + 8 microfiches. 490 0 $aCorpus Christianorum. Instrumenta lexicologica latina. Ser. A, Formae ;$vFasc.143 500 $aSpoglio lessicale 710 2 $aCentre traditio litterarum Occidentalium.$0(OLS)http://semarc/name/59 776 0 $aLucas : Tudensis $t1: Lucae Tudensis Chronicon mundi.$dTurnhout : Brepols, 2003.$kCorpus Christianorum. Continuatio Mediaevalis$z2-503-03741-0$w()82819 830 0$aCorpus Christianorum. Instrumenta lexicologica latina. Ser. A, Formae ;$v143.$0(OLS)http://semarc/title/82 850 $aSeMil 852 $aSeMil$W1$xVenegono$y1$mSL2.G CC.CM.ILL 143$j255646$B58100$CSeMilBibl$Z2$F68695 $8I 961 $aSottoscrizione: Brepols 996 $6020$a2-503-63742-6$9(OLS)http://semarc/number/80994 996 $6245$aChronicon mundi$9(OLS)http://semarc/title/148166 996 $6260$aTurnhout :$bBrepols$9(OLS)http://semarc/publisher/29626